[Event "Campeonato de Aragon por Equipos 2025 - "]
[Site "?"]
[Date "2025.03.15"]
[Round "8.33"]
[White "Zazuliak, Kostiantyn"]
[Black "Gutierrez Mingueza, Ruben"]
[Result "0-1"]
[WhiteElo "1868"]
[BlackElo "2008"]
[PlyCount "50"]
[GameId "2158178780549330"]
[EventDate "2025.01.25"]
[WhiteTeam "Jaque - Aramovil B"]
[BlackTeam "San Jose"]

1. d4 Nf6 2. Nf3 e6 3. e3 d5 4. Bd3 c5 5. c3 Bd6 6. Nbd2 Nc6 7. O-O O-O 8. dxc5 Bxc5 9. b4 Bd6 10. Bb2 e5 11. e4 Be6 12. exd5 Bxd5 13. Ng5 h6 14. Nge4 Bc7 15. Nxf6+ Qxf6 16. b5 Ne7 17. c4 Be6 18. Ne4 Qh4 19. Ba3 Rfe8 20. Nd6 Bxd6 21. Bxd6 Rad8 22. Bxe7 Qxe7 23. Qe2 Rd4 24. Rfd1 e4 25. Bxe4 Bxc4 0-1

[Event "Campeonato de Aragon por Equipos 2025 - "]
[Site "?"]
[Date "2025.03.15"]
[Round "8.34"]
[White "Ferreruela Romero, Jose Joaquin"]
[Black "Abadias Banzo, Javier"]
[Result "1-0"]
[WhiteElo "1972"]
[BlackElo "1732"]
[PlyCount "65"]
[GameId "2158178780610771"]
[EventDate "2025.01.25"]
[WhiteTeam "San Jose"]
[BlackTeam "Jaque - Aramovil B"]

1. e4 b6 2. d4 Bb7 3. Nd2 e6 4. Ngf3 Ne7 5. Bd3 c5 6. c3 g6 7. Nc4 d5 8. exd5 Nxd5 9. Nce5 Bg7 10. Bb5+ Kf8 11. dxc5 Bxe5 12. Nxe5 bxc5 13. O-O Kg7 14. Qe2 Qf6 15. Bh6+ Kg8 16. f4 Qe7 17. Rad1 f6 18. Nf3 Bc6 19. Bc4 Nc7 20. Rd8+ Be8 21. Rfd1 Nc6 22. Bxe6+ Qxe6 23. Qxe6+ Nxe6 24. Rxa8 Kf7 25. Rd6 Rg8 26. Rc8 Ne7 27. Ra8 Nc7 28. Rxa7 Nb5 29. Rxf6+ Kxf6 30. Bg5+ Kf5 31. Rxe7 Nd6 32. h3 h5 33. Re5# 1-0

[Event "Campeonato de Aragon por Equipos 2025 - "]
[Site "?"]
[Date "2025.03.15"]
[Round "8.35"]
[White "Vizcarra Susin, Sergio"]
[Black "Palomar Ramon, Santiago"]
[Result "1-0"]
[WhiteElo "1631"]
[BlackElo "1943"]
[PlyCount "133"]
[GameId "2158178780651732"]
[EventDate "2025.01.25"]
[WhiteTeam "Jaque - Aramovil B"]
[BlackTeam "San Jose"]

1. d4 c5 2. d5 d6 3. e4 Nf6 4. Bd3 Nbd7 5. c4 g6 6. Nc3 Bg7 7. Bf4 O-O 8. Nf3 Ng4 9. O-O Nde5 10. Nxe5 Nxe5 11. Bg3 f5 12. Bxe5 Bxe5 13. exf5 Bxf5 14. Bxf5 Rxf5 15. g3 a6 16. Qe2 Bxc3 17. bxc3 b5 18. f4 Qd7 19. Rab1 Kg7 20. Rfe1 Re8 21. cxb5 axb5 22. Rxb5 Rxd5 23. Reb1 Kf6 24. a4 e5 25. Qe4 Qc6 26. Re1 Qa8 27. a5 Rd1 28. fxe5+ Rxe5 29. Qxa8 Rdxe1+ 30. Kg2 R1e2+ 31. Kh3 Rh5+ 32. Kg4 Rg5+ 33. Kf3 Rge5 34. Qf8+ Ke6 35. Qe8+ Kf6 36. Qh8+ Ke6 37. Qxe5+ Rxe5 38. a6 Rf5+ 39. Ke3 Rf8 40. Rb7 Ra8 41. a7 Kd5 42. Rxh7 Kc4 43. Kd2 d5 44. h4 Rf8 45. g4 Rf2+ 46. Kd1 Kd3 47. Ke1 Ra2 48. Rd7 d4 49. cxd4 c4 50. d5 c3 51. Rc7 c2 52. d6 Rxa7 53. d7 Ra8 54. h5 Ke3 55. Rc3+ Kf4 56. Rxc2 Rd8 57. Rd2 gxh5 58. gxh5 Kg5 59. Rd5+ Kh6 60. Kf2 Rf8+ 61. Kg3 Rg8+ 62. Kf4 Rd8 63. Ke4 Kg7 64. Kd4 Kf6 65. Kc5 Ke7 66. Kc6 Ra8 67. d8=Q+ 1-0

[Event "Campeonato de Aragon por Equipos 2025 - "]
[Site "?"]
[Date "2025.03.15"]
[Round "8.36"]
[White "Salamero Pelay, Fernando"]
[Black "Bonet Herbera, Isabel"]
[Result "1-0"]
[WhiteElo "2052"]
[BlackElo "1990"]
[PlyCount "71"]
[GameId "2158178780688597"]
[EventDate "2025.01.25"]
[WhiteTeam "Atletismo Huesca"]
[BlackTeam "Binefar"]

1. e4 e5 2. Nf3 Nc6 3. Bb5 a6 4. Ba4 Bc5 5. c3 Nge7 6. O-O Ba7 7. d4 Ng6 8. Bg5 f6 9. Be3 O-O 10. Nbd2 d6 11. Re1 Kh8 12. h3 Bd7 13. Nf1 b5 14. Bc2 Nce7 15. Ng3 f5 16. exf5 Nxf5 17. Nxf5 Bxf5 18. dxe5 Bxc2 19. Qxc2 Nf4 20. Bxa7 Rxa7 21. e6 c5 22. Qe4 Qe7 23. Rad1 Rc7 24. h4 h6 25. g3 Nh5 26. Kg2 g6 27. Qd3 Qf6 28. Re3 Rd8 29. Ne5 Kg7 30. Nf7 Rxf7 31. exf7 Qxf7 32. Rde1 Rd7 33. Re6 d5 34. Rxa6 d4 35. Ree6 Nf6 36. Rxf6 1-0

[Event "Campeonato de Aragon por Equipos 2025 - "]
[Site "?"]
[Date "2025.03.15"]
[Round "8.37"]
[White "Ballarin Corvinos, Jorge"]
[Black "Bellosta Lopez, Pablo"]
[Result "0-1"]
[WhiteElo "1865"]
[BlackElo "1996"]
[PlyCount "90"]
[GameId "2158178780725462"]
[EventDate "2025.01.25"]
[WhiteTeam "Binefar"]
[BlackTeam "Atletismo Huesca"]

1. e4 c5 2. Nf3 d6 3. d4 cxd4 4. Qxd4 Nf6 5. Nc3 e5 6. Bb5+ Nbd7 7. Qd3 h6 8. Be3 Be7 9. O-O-O O-O 10. Nd2 Nc5 11. Bxc5 dxc5 12. Qxd8 Rxd8 13. Be2 Rd4 14. Nf3 Rxe4 15. Nxe4 Nxe4 16. Rhf1 f6 17. Bc4+ Kf8 18. Bd5 Nd6 19. Nh4 g5 20. Ng6+ Ke8 21. Nxe7 Kxe7 22. h4 g4 23. Rfe1 Be6 24. f4 gxf3 25. gxf3 Bxd5 26. Rxd5 b6 27. Rg1 Ke6 28. Rd2 Nf5 29. h5 Nd4 30. Rf2 Kf5 31. Rg6 Rh8 32. Rg7 Kf4 33. Rxa7 Nxf3 34. Rf7 f5 35. Rxf3+ Kxf3 36. Rxf5+ Ke4 37. Rf6 Ke3 38. Rxb6 e4 39. a4 Rf8 40. c3 Kf2 41. Re6 e3 42. Kd1 Rd8+ 43. Kc2 Rd2+ 44. Kc1 Rd5 45. a5 e2 0-1

[Event "Campeonato de Aragon por Equipos 2025 - "]
[Site "?"]
[Date "2025.03.15"]
[Round "8.38"]
[White "Molina Cubero-Luna, German"]
[Black "Garcia Alriols, Jesus"]
[Result "1/2-1/2"]
[WhiteElo "1915"]
[BlackElo "1852"]
[PlyCount "101"]
[GameId "2158178780758231"]
[EventDate "2025.01.25"]
[WhiteTeam "Atletismo Huesca"]
[BlackTeam "Binefar"]

1. e4 e6 2. d4 d5 3. e5 c5 4. c3 Nc6 5. Nf3 Qb6 6. Bd3 Nh6 7. O-O cxd4 8. Nbd2 Be7 9. Nb3 Ng4 10. Qe2 h5 11. Nbxd4 a6 12. a4 Bd7 13. h3 Nh6 14. b4 Nxd4 15. Nxd4 g6 16. Ba3 Rc8 17. a5 Qd8 18. b5 axb5 19. Bxb5 Rxc3 20. Bxe7 Qxe7 21. Bxd7+ Qxd7 22. Nb5 Rc6 23. Nd6+ Kf8 24. Rfb1 Rc7 25. Rb6 Kg7 26. Rab1 Nf5 27. Nxb7 Rhc8 28. a6 Qa4 29. Nd6 Rc1+ 30. Kh2 Rxb1 31. Nxf5+ exf5 32. Rxb1 Rc2 33. Qf3 Qxa6 34. Qxd5 Qa4 35. Qf3 Qd4 36. Rd1 Qxe5+ 37. Qg3 f4 38. Qf3 Rc3 39. Rd3 Rxd3 40. Qxd3 f3+ 41. g3 Qe2 42. Qd4+ Kh7 43. Qa7 Kh6 44. Qd4 Kh7 45. Qa7 Qe6 46. Qb7 Qf5 47. Qc7 Qf6 48. Qb8 h4 49. gxh4 Qxh4 50. Qg3 g5 51. Qxf3 1/2-1/2

[Event "Campeonato de Aragon por Equipos 2025 - "]
[Site "?"]
[Date "2025.03.15"]
[Round "8.39"]
[White "Lanau Corzan, Gerardo"]
[Black "Laplaza Ara, Carlos"]
[Result "0-1"]
[WhiteElo "1780"]
[BlackElo "1912"]
[PlyCount "68"]
[GameId "2158178780803288"]
[EventDate "2025.01.25"]
[WhiteTeam "Binefar"]
[BlackTeam "Atletismo Huesca"]

1. d4 d5 2. Bf4 Nf6 3. e3 e6 4. Nf3 c6 5. Bd3 Nbd7 6. Nbd2 Be7 7. h3 c5 8. c3 a6 9. a4 b6 10. Ne5 Bb7 11. O-O O-O 12. Qf3 h6 13. g4 Nh7 14. Nxd7 Qxd7 15. Qg3 Rac8 16. Nf3 g5 17. Bxh7+ Kxh7 18. Bxg5 hxg5 19. h4 f6 20. hxg5 fxg5 21. Kg2 Kg7 22. Ne5 Qc7 23. Rh1 Rh8 24. f4 Bf6 25. fxg5 Bxe5 26. dxe5 d4+ 27. Kf2 dxe3+ 28. Kxe3 Bxh1 29. Rf1 Qb7 30. Rf6 Qe4+ 31. Kd2 Rcd8+ 32. Kc1 Rh2 33. Qxh2 Qe1+ 34. Kc2 Qd1# 0-1

[Event "Campeonato de Aragon por Equipos 2025 - "]
[Site "?"]
[Date "2025.03.15"]
[Round "8.40"]
[White "Arrieta Restrepo, Steven"]
[Black "Climente Martinez, Jose Luis"]
[Result "1-0"]
[WhiteElo "2095"]
[BlackElo "2021"]
[PlyCount "61"]
[GameId "2158178780852441"]
[EventDate "2025.01.25"]
[WhiteTeam "Monzon"]
[BlackTeam "Palacio De Pioneros B"]

1. d4 Nf6 2. Nf3 d5 3. e3 e6 4. Bd3 Bd6 5. Nbd2 O-O 6. O-O c5 7. c3 Nc6 8. Qe2 Qc7 9. dxc5 Bxc5 10. e4 dxe4 11. Nxe4 Nxe4 12. Qxe4 f5 13. Qe2 e5 14. Bc4+ Kh8 15. Ng5 Nd8 16. Qh5 g6 17. Qe2 Bd7 18. h4 Rc8 19. Bb3 h6 20. Nf3 e4 21. Nd4 Kg7 22. Rd1 Qe5 23. Nf3 Qe7 24. Qd2 Nf7 25. Qxd7 exf3 26. Qxe7 Bxe7 27. Rd7 Bxh4 28. gxf3 Kf6 29. Rxb7 Ne5 30. Bxh6 Rh8 31. Bg7+ 1-0

[Event "Campeonato de Aragon por Equipos 2025 - "]
[Site "?"]
[Date "2025.03.15"]
[Round "8.41"]
[White "Gomez Salinas, Nestor"]
[Black "Hidalgo Gracia, Andres"]
[Result "0-1"]
[WhiteElo "1978"]
[BlackElo "2036"]
[PlyCount "104"]
[GameId "2158178780889306"]
[EventDate "2025.01.25"]
[WhiteTeam "Palacio De Pioneros B"]
[BlackTeam "Monzon"]

1. e4 d6 2. d4 Nf6 3. Nc3 e5 4. dxe5 dxe5 5. Qxd8+ Kxd8 6. Bg5 Be6 7. Nf3 Nbd7 8. O-O-O Bd6 9. Nd2 h6 10. Bh4 g5 11. Bg3 Ke7 12. Nc4 a6 13. f3 b5 14. Nxd6 cxd6 15. a3 Nb6 16. Bf2 Nc4 17. Bxc4 Bxc4 18. Rd2 Rhc8 19. Be3 a5 20. h4 b4 21. Nb1 Rg8 22. hxg5 hxg5 23. Rhd1 Ra6 24. b3 Bb5 25. Kb2 g4 26. c4 bxc3+ 27. Nxc3 Bd7 28. f4 Rc6 29. Rxd6 Rxd6 30. Bc5 exf4 31. Rxd6 Be6 32. Ra6+ Kd7 33. e5 Nh5 34. Ne4 f3 35. gxf3 g3 36. Rd6+ Kc8 37. Nc3 Nf4 38. Rd1 g2 39. Bg1 Rg3 40. Ne4 Rxf3 41. Nd2 Rd3 42. b4 axb4 43. axb4 Ne2 44. Bf2 g1=Q 45. Bxg1 Nxg1 46. Rc1+ Kb8 47. Ne4 Rb3+ 48. Kc2 Rxb4 49. Nd6 Nf3 50. Rb1 Rxb1 51. Kxb1 Nxe5 52. Nxf7 Bxf7 0-1

[Event "Campeonato de Aragon por Equipos 2025 - "]
[Site "?"]
[Date "2025.03.15"]
[Round "8.42"]
[White "Barranco Mananet, Fernando"]
[Black "Crespo Laborda, Alberto"]
[Result "1-0"]
[WhiteElo "1949"]
[BlackElo "1845"]
[PlyCount "73"]
[GameId "2158178780926171"]
[EventDate "2025.01.25"]
[WhiteTeam "Monzon"]
[BlackTeam "Palacio De Pioneros B"]

1. e4 e6 2. Qe2 c5 3. Nf3 Nc6 4. g3 Be7 5. Bg2 d5 6. d3 Nf6 7. O-O dxe4 8. dxe4 e5 9. Rd1 Qc7 10. Nc3 Nd4 11. Nxd4 cxd4 12. Nd5 Nxd5 13. exd5 O-O 14. c3 dxc3 15. bxc3 Bd6 16. c4 b6 17. a4 a5 18. Ba3 Ba6 19. Re1 Rfe8 20. Rec1 Rac8 21. Bh3 Rcd8 22. Qe3 Bc5 23. Bxc5 bxc5 24. Rab1 Rb8 25. Rb5 Bxb5 26. cxb5 c4 27. Qc3 Red8 28. Bg2 Rbc8 29. Bh3 Rb8 30. Bg2 Kf8 31. Qxc4 Qxc4 32. Rxc4 Rdc8 33. Rc6 Rxc6 34. dxc6 Rd8 35. c7 Rd1+ 36. Bf1 Rc1 37. b6 1-0

[Event "Campeonato de Aragon por Equipos 2025 - "]
[Site "?"]
[Date "2025.03.15"]
[Round "8.43"]
[White "Caballero Ortin, Jorge"]
[Black "Rodriguez Aranda, Kevin"]
[Result "1-0"]
[WhiteElo "1831"]
[BlackElo "1883"]
[PlyCount "110"]
[GameId "2158178781016284"]
[EventDate "2025.01.25"]
[WhiteTeam "Palacio De Pioneros B"]
[BlackTeam "Monzon"]

1. e4 c5 2. Nf3 e6 3. d3 Qc7 4. g3 Nf6 5. Bg2 Be7 6. O-O Nc6 7. Re1 O-O 8. Nbd2 d5 9. Nf1 dxe4 10. dxe4 Rd8 11. Qe2 b6 12. c3 e5 13. Bg5 a5 14. Rad1 Ba6 15. Qc2 b5 16. Ne3 Rxd1 17. Rxd1 Rd8 18. Bxf6 Bxf6 19. Nd5 Qd6 20. Rd2 Bc8 21. h3 Kf8 22. Qd1 Be7 23. Nxe7 Qxe7 24. Rxd8+ Nxd8 25. Nxe5 f6 26. Ng4 Be6 27. Bf1 b4 28. cxb4 axb4 29. b3 Nc6 30. Ne3 Nd4 31. Nd5 Qd7 32. Nf4 Bf7 33. Qd3 Qa7 34. Ne2 g6 35. Nxd4 cxd4 36. Qd2 Qc5 37. Qd3 Kg7 38. Kg2 g5 39. f4 h6 40. Be2 Qa7 41. Qd2 Qc5 42. Bd3 Qd6 43. Kf3 Qd7 44. f5 Qd6 45. h4 gxh4 46. gxh4 Bh5+ 47. Kg2 Kh7 48. Qf2 Qc5 49. Bc4 Qe5 50. Bd5 Bd1 51. Qd2 Bg4 52. Qxb4 Qc7 53. Qxd4 Qc2+ 54. Qf2 Qd3 55. Qa7+ Kh8 1-0

[Event "Campeonato de Aragon por Equipos 2025 - "]
[Site "?"]
[Date "2025.03.15"]
[Round "8.44"]
[White "Ramon Perez, Jose Luis"]
[Black "Sancho Cortes, Miguel Angel"]
[Result "1-0"]
[WhiteElo "2120"]
[BlackElo "2017"]
[PlyCount "49"]
[GameId "2158178781057245"]
[EventDate "2025.01.25"]
[WhiteTeam "Fraga"]
[BlackTeam "Iberajedrez Mundo 64 B"]

1. e4 e5 2. f4 d5 3. exd5 exf4 4. Nf3 Nf6 5. Bb5+ c6 6. dxc6 Nxc6 7. Nc3 Bd6 8. Qe2+ Be6 9. Nd4 O-O 10. Nxe6 fxe6 11. Bxc6 bxc6 12. b3 Qd7 13. Bb2 a5 14. Ne4 Nxe4 15. Qxe4 Bb4 16. O-O-O Qd5 17. Rhe1 Rae8 18. Qf3 Bd6 19. Re4 Rf5 20. Rde1 Rg5 21. R1e2 a4 22. bxa4 Rb8 23. Rxe6 Qc5 24. Qe4 Rf5 25. Rxd6 1-0

[Event "Campeonato de Aragon por Equipos 2025 - "]
[Site "?"]
[Date "2025.03.15"]
[Round "8.45"]
[White "Jimenez Fernandez, Alejandro"]
[Black "Vallverdu Miret, Oscar"]
[Result "1/2-1/2"]
[WhiteElo "1956"]
[BlackElo "2028"]
[PlyCount "63"]
[GameId "2158178781094110"]
[EventDate "2025.01.25"]
[WhiteTeam "Iberajedrez Mundo 64 B"]
[BlackTeam "Fraga"]

1. d4 d5 2. c4 e6 3. Nc3 Nf6 4. Bg5 Be7 5. cxd5 exd5 6. Qc2 Nbd7 7. e3 c6 8. Bd3 Nh5 9. Bxe7 Qxe7 10. Nge2 Ndf6 11. h3 g6 12. O-O-O Ng7 13. g4 Be6 14. Kb1 O-O 15. Rdg1 Rfe8 16. Nf4 Rac8 17. Nxe6 Qxe6 18. Ne2 b6 19. h4 c5 20. dxc5 bxc5 21. Bb5 Red8 22. h5 Rb8 23. Nf4 Qe5 24. Bd3 c4 25. Bxg6 fxg6 26. hxg6 Qe4 27. g5 Qxc2+ 28. Kxc2 Ne4 29. f3 Nf2 30. gxh7+ Kf7 31. Rh2 Nd3 32. Nxd3 1/2-1/2

[Event "Campeonato de Aragon por Equipos 2025 - "]
[Site "?"]
[Date "2025.03.15"]
[Round "8.46"]
[White "Aribau Rivas, Miguel Angel"]
[Black "Garcia Monterde, Francisco Jose"]
[Result "1-0"]
[WhiteElo "1987"]
[BlackElo "1866"]
[PlyCount "95"]
[GameId "2158178781130975"]
[EventDate "2025.01.25"]
[WhiteTeam "Fraga"]
[BlackTeam "Iberajedrez Mundo 64 B"]

1. e4 c5 2. Nc3 Nc6 3. Bc4 e6 4. f4 a6 5. a4 Qc7 6. d3 d6 7. Nf3 Nf6 8. O-O Be7 9. f5 exf5 10. Ng5 Ne5 11. Nd5 Nxd5 12. Bxd5 O-O 13. exf5 Qd8 14. Qh5 h6 15. Ne4 Bf6 16. Bf4 Qe7 17. Bg3 Bd7 18. Nxf6+ Qxf6 19. Bh4 g5 20. fxg6 Qxg6 21. Qxg6+ Nxg6 22. Bg3 Ne5 23. Rf6 Ng4 24. Rxd6 Bf5 25. Rb6 Ne3 26. Bb3 Rac8 27. Bf4 c4 28. dxc4 Nxc4 29. Rxb7 Na5 30. Rc7 Nxb3 31. cxb3 Rb8 32. Rc5 Rxb3 33. Rxf5 Rxb2 34. Bxh6 Rc8 35. Rf2 Rb4 36. a5 Rb5 37. Be3 Rb3 38. Bb6 Re8 39. Raf1 Re7 40. g3 Kg7 41. Kg2 Kg6 42. Rf6+ Kg7 43. Bd4 Kg8 44. Rxa6 Rd7 45. Ra8+ Kh7 46. Rh8+ Kg6 47. Rf6+ Kg7 48. Rd6+ 1-0

[Event "Campeonato de Aragon por Equipos 2025 - "]
[Site "?"]
[Date "2025.03.15"]
[Round "8.47"]
[White "Barranco Castillo, Jose Antonio"]
[Black "Casas Chine, German"]
[Result "1/2-1/2"]
[WhiteElo "1828"]
[BlackElo "1904"]
[PlyCount "89"]
[GameId "2158178781171936"]
[EventDate "2025.01.25"]
[WhiteTeam "Iberajedrez Mundo 64 B"]
[BlackTeam "Fraga"]

1. c4 c5 2. Nc3 Nc6 3. g3 g6 4. Bg2 Bg7 5. e4 d6 6. Nge2 e5 7. d3 Nge7 8. O-O O-O 9. Be3 Nd4 10. Bxd4 cxd4 11. Nb1 Rb8 12. a4 Be6 13. Qd2 f5 14. Na3 fxe4 15. Bxe4 d5 16. cxd5 Bxd5 17. f3 Nf5 18. Nc4 Bxc4 19. dxc4 Ne3 20. Rfc1 Qd7 21. Nc3 Nxc4 22. Qe2 Ne3 23. Nd1 Bh6 24. Rc5 Qd6 25. b4 b6 26. Rc6 Qxb4 27. Nxe3 Bxe3+ 28. Kg2 Qd2 29. Ra2 Qxe2+ 30. Rxe2 Rbc8 {[%emt 0:00:00]} 31. Rec2 Rxc6 32. Rxc6 Rd8 33. Bd3 Kg7 34. h4 Rd5 35. g4 Rc5 36. Bb5 Rxc6 37. Bxc6 a6 38. Kf1 Kf6 39. Ke2 h6 40. Kd3 Ke6 41. Be4 g5 42. hxg5 hxg5 43. Kc4 Kd6 44. Bd3 Bd2 45. Be4 1/2-1/2

[Event "Campeonato de Aragon por Equipos 2025 - "]
[Site "?"]
[Date "2025.03.15"]
[Round "8.48"]
[White "Galve Guinea, Alejandro"]
[Black "Colon Garcia, Santiago"]
[Result "0-1"]
[WhiteElo "1949"]
[BlackElo "1939"]
[PlyCount "58"]
[GameId "2158178781212897"]
[EventDate "2025.01.25"]
[WhiteTeam "El Olivar C"]
[BlackTeam "Marcos Frechin C"]

1. Nf3 d5 2. d4 e6 3. c4 f5 4. Nc3 Nf6 5. Bf4 c6 6. e3 Be7 7. Bd3 O-O 8. Qc2 Ne4 9. g4 Na6 10. a3 Nxc3 11. bxc3 Nc7 12. gxf5 exf5 13. Rg1 Be6 14. Bh6 Ne8 15. cxd5 cxd5 16. Ke2 Rc8 17. Bf4 Nd6 18. Ne5 Ne4 19. Bxe4 dxe4 20. Rg3 Bf6 21. Rag1 Qa5 22. Rxg7+ Bxg7 23. Bh6 Rc7 24. Qb2 Kh8 25. Bxg7+ Rxg7 26. Rxg7 Kxg7 27. Qxb7+ Bf7 28. Qe7 Qa6+ 29. Kd2 h6 0-1

[Event "Campeonato de Aragon por Equipos 2025 - "]
[Site "?"]
[Date "2025.03.15"]
[Round "8.49"]
[White "Gaspar Calvo, Luis Alberto"]
[Black "Labrador Postigo, Francisco M."]
[Result "1-0"]
[WhiteElo "1901"]
[BlackElo "1868"]
[PlyCount "47"]
[GameId "2158178781249762"]
[EventDate "2025.01.25"]
[WhiteTeam "Marcos Frechin C"]
[BlackTeam "El Olivar C"]

1. e4 c6 2. d4 d5 3. exd5 cxd5 4. c4 Nf6 5. Nc3 e6 6. Nf3 Be7 7. Bg5 O-O 8. Bd3 dxc4 9. Bxc4 Nc6 10. O-O a6 11. Rc1 b5 12. Bd3 Nb4 13. Bb1 Bb7 14. Ne5 Nbd5 15. Re1 Rc8 16. Bxf6 Nxf6 17. Qd3 b4 18. Ng4 g6 19. Nxf6+ Bxf6 20. Ne4 Qxd4 21. Nxf6+ Qxf6 22. Rxc8 Rxc8 23. Qd7 Qd8 24. Qxb7 1-0

[Event "Campeonato de Aragon por Equipos 2025 - "]
[Site "?"]
[Date "2025.03.15"]
[Round "8.50"]
[White "De La Riva Fernandez, Eduardo"]
[Black "Celorrio De Pablo, Ricardo"]
[Result "1-0"]
[WhiteElo "1820"]
[BlackElo "1814"]
[PlyCount "39"]
[GameId "2158178781286627"]
[EventDate "2025.01.25"]
[WhiteTeam "El Olivar C"]
[BlackTeam "Marcos Frechin C"]

1. e4 d6 2. d4 Nf6 3. f3 c6 4. Be3 Nbd7 5. c4 e5 6. Nc3 a6 7. Qd2 b5 8. d5 cxd5 9. Nxd5 Rb8 10. Rc1 Nxd5 11. cxd5 Be7 12. b4 O-O 13. Bd3 Nb6 14. Ne2 f5 15. O-O fxe4 16. fxe4 Rxf1+ 17. Rxf1 Bd7 18. Ng3 Rc8 19. Qf2 Bf6 20. Bxb6 1-0

[Event "Campeonato de Aragon por Equipos 2025 - "]
[Site "?"]
[Date "2025.03.15"]
[Round "8.51"]
[White "De Francisco Gracia, Diego"]
[Black "Sisas Mainar, Izan"]
[Result "1-0"]
[WhiteElo "1749"]
[BlackElo "1785"]
[PlyCount "69"]
[GameId "2158178781323492"]
[EventDate "2025.01.25"]
[WhiteTeam "Marcos Frechin C"]
[BlackTeam "El Olivar C"]

1. e4 c5 2. c3 d5 3. exd5 Qxd5 4. d4 Nc6 5. Nf3 Bf5 6. Be3 cxd4 7. cxd4 e6 8. Nc3 Qd8 9. Bc4 Nf6 10. O-O Be7 11. d5 exd5 12. Nxd5 Nxd5 13. Bxd5 Qd7 14. Qb3 O-O 15. Rfd1 Qc7 16. Rac1 Rad8 17. Bxa7 Qf4 18. Be3 Qg4 19. Qxb7 Rxd5 20. Rxd5 Be4 21. Rc4 Qe6 22. Qxc6 Bxd5 23. Qxe6 Bxe6 24. Ra4 Rd8 25. h3 Rd1+ 26. Kh2 h6 27. Ra7 Bd6+ 28. g3 Bd5 29. Ng1 Be5 30. b4 Bc3 31. b5 Rb1 32. b6 Rb2 33. h4 Bxa2 34. b7 Kh7 35. b8=Q 1-0

[Event "Campeonato de Aragon por Equipos 2025 - "]
[Site "?"]
[Date "2025.03.15"]
[Round "8.52"]
[White "Larrosa Poves, Jose Manuel"]
[Black "Abancens Fernandez, Bernardo"]
[Result "0-1"]
[WhiteElo "1931"]
[BlackElo "1862"]
[PlyCount "62"]
[GameId "2158178781364453"]
[EventDate "2025.01.25"]
[WhiteTeam "Agrupacion B"]
[BlackTeam "Teruel B"]

1. d4 d5 2. c4 dxc4 3. e3 Nf6 4. Bxc4 a6 5. Nf3 e6 6. O-O c5 7. Qe2 b5 8. Bd3 Bb7 9. dxc5 Bxc5 10. Bxb5+ Nbd7 11. Bxd7+ Qxd7 12. b3 Rd8 13. Bb2 Be4 14. Bd4 Bxf3 15. Qxf3 Bxd4 16. exd4 Qxd4 17. Na3 Nd5 18. Nc4 O-O 19. Rac1 Rc8 20. g3 a5 21. Nxa5 Rxc1 22. Rxc1 Qd2 23. Rc5 Qb4 24. Rxd5 exd5 25. Qxd5 Qa3 26. Qd2 Ra8 27. b4 h5 28. h4 Qf3 29. Qb2 Re8 30. Qd4 Re1+ 31. Kh2 Rh1# 0-1

[Event "Campeonato de Aragon por Equipos 2025 - "]
[Site "?"]
[Date "2025.03.15"]
[Round "8.53"]
[White "Alonso Roche, Cesar"]
[Black "Guerra Perez, Rafael"]
[Result "0-1"]
[WhiteElo "1711"]
[BlackElo "1848"]
[PlyCount "86"]
[GameId "2158178781413606"]
[EventDate "2025.01.25"]
[WhiteTeam "Teruel B"]
[BlackTeam "Agrupacion B"]

1. e4 e6 2. f4 d5 3. d3 dxe4 4. dxe4 Qxd1+ 5. Kxd1 Nf6 6. Bd3 Bc5 7. h3 Nc6 8. c3 a6 9. Ke2 b5 10. Be3 Bxe3 11. Kxe3 Bb7 12. Nf3 Rd8 13. g4 Ne7 14. Nbd2 c5 15. a4 c4 16. Bc2 Nc6 17. axb5 axb5 18. Rhd1 O-O 19. Nf1 Nd7 20. Rd6 Nc5 21. Rxd8 Rxd8 22. Nd4 e5 23. fxe5 Nxe5 24. Ra5 Ned3 25. Rxb5 Bxe4 26. Rxc5 Nxc5 27. Bxe4 Nxe4 28. Kxe4 Rb8 29. Nd2 Rxb2 30. N4f3 h5 31. g5 Kh7 32. h4 f6 33. Kd4 Kg6 34. Kxc4 fxg5 35. hxg5 h4 36. Kd3 h3 37. c4 Kf5 38. c5 Kf4 39. c6 Rb6 40. Ke2 Rxc6 41. Kf2 Rc2 42. Kg1 Kg3 43. Nf1+ Kxf3 0-1

[Event "Campeonato de Aragon por Equipos 2025 - "]
[Site "?"]
[Date "2025.03.15"]
[Round "8.54"]
[White "Palasi Mainar, Miguel Angel"]
[Black "Martin Lafuente, Jorge Abel"]
[Result "1-0"]
[WhiteElo "1846"]
[BlackElo "1635"]
[PlyCount "47"]
[GameId "2158178781507815"]
[EventDate "2025.01.25"]
[WhiteTeam "Agrupacion B"]
[BlackTeam "Teruel B"]

1. e4 d5 2. exd5 Nf6 3. d4 Nxd5 4. Nf3 Bg4 5. h3 Bh5 6. Be2 e6 7. O-O Bd6 8. Ne5 Bxe2 9. Qxe2 Nd7 10. c4 N5f6 11. Nc3 c5 12. Nb5 Be7 13. dxc5 Bxc5 14. Rd1 a6 15. Nxd7 Nxd7 16. Nd6+ Bxd6 17. Rxd6 Qc7 18. Bf4 O-O-O 19. Rad1 Qa5 20. c5 Nf6 21. Qe5 Rd7 22. Rxd7 Nxd7 23. Rxd7 Kxd7 24. c6+ 1-0

[Event "Campeonato de Aragon por Equipos 2025 - "]
[Site "?"]
[Date "2025.03.15"]
[Round "8.55"]
[White "Marco Hernandez, Fernando"]
[Black "Casasnovas Sanchez, Raul"]
[Result "0-1"]
[WhiteElo "1576"]
[BlackElo "1810"]
[PlyCount "64"]
[GameId "2158178781544680"]
[EventDate "2025.01.25"]
[WhiteTeam "Teruel B"]
[BlackTeam "Agrupacion B"]

1. d4 d5 2. Nc3 Nf6 3. Bf4 a6 4. e3 e6 5. a3 b6 6. Nf3 Bb7 7. Bg5 Be7 8. Bd3 c5 9. b3 Nbd7 10. O-O Rc8 11. Qe2 cxd4 12. Na4 b5 13. Nb2 dxe3 14. Bxe3 O-O 15. Bd4 Nc5 16. Ne5 Nce4 17. Nd1 Bc5 18. Bxc5 Nxc5 19. a4 b4 20. h4 Qd6 21. Re1 Nfe4 22. Nf3 Nxd3 23. Qxd3 Qc5 24. Rc1 f6 25. Nd4 Rfe8 26. g4 e5 27. Nf5 Nd6 28. Nxd6 Qxd6 29. Ne3 Rc3 30. Qd2 d4 31. Nf5 Qc6 32. Kf1 Qg2+ 0-1

[Event "Campeonato de Aragon por Equipos 2025 - "]
[Site "?"]
[Date "2025.03.15"]
[Round "8.56"]
[White "Sancho Casale, Jesus"]
[Black "Muro Guerrero, Miguel"]
[Result "1-0"]
[WhiteElo "1923"]
[BlackElo "2056"]
[PlyCount "73"]
[GameId "2158178781585641"]
[EventDate "2025.01.25"]
[WhiteTeam "Tauste"]
[BlackTeam "Dr. Azua"]

1. Nf3 d5 2. c4 e6 3. b3 Nf6 4. g3 Be7 5. Bg2 O-O 6. O-O c5 7. e3 Nc6 8. Bb2 b6 9. Qe2 Bb7 10. Rd1 Qc7 11. Nc3 Rac8 12. Rac1 dxc4 13. bxc4 Rfd8 14. d4 Na5 15. Nb5 Qb8 16. d5 exd5 17. Be5 Qa8 18. Nc7 Rxc7 19. Bxc7 Rc8 20. cxd5 Bxd5 21. Be5 c4 22. Bc3 Ba3 23. Rc2 Be4 24. Nh4 Bxc2 25. Bxa8 Bxd1 26. Qxd1 Rxa8 27. Nf5 Bf8 28. Nh6+ Kh8 29. Nxf7+ Kg8 30. Nh6+ Kh8 31. Bxf6 gxf6 32. Qd5 Kg7 33. Qf7+ Kxh6 34. Qxf6+ Kh5 35. h4 Be7 36. Qxe7 Kg6 37. Qe4+ 1-0